Baby Names: 'D' Girl Names by Decade Quiz Stats

Quiz Updated Apr 14, 2017

Challenge
Share
Tweet
Embed
Score 0/65 Timer 08:00
28 Plays Today
Decade Name % Correct
1940sDiana
77.8%
1980sDiana
77.8%
1990sDiana
77.8%
2000sDiana
77.8%
1940sDiane
76.6%
1950sDiane
76.6%
1960sDiane
76.6%
1970sDanielle
72.1%
1980sDanielle
72%
1990sDanielle
72%
2000sDanielle
72%
1950sDeborah
70.3%
1960sDeborah
70.3%
1970sDeborah
70.3%
1920sDonna
67.2%
1930sDonna
67.2%
1940sDonna
67.2%
1950sDonna
67.2%
1960sDonna
67.2%
1880sDorothy
65.8%
1890sDorothy
65.8%
1900sDorothy
65.8%
1910sDorothy
65.8%
1920sDorothy
65.8%
1930sDorothy
65.8%
1940sDorothy
65.8%
1880sDaisy
57.1%
1890sDaisy
57.1%
1900sDaisy
57.1%
1910sDaisy
57.1%
2000sDaisy
57.1%
1970sDana
57.1%
1980sDana
57.1%
Decade Name % Correct
1950sDebra
56.5%
1960sDebra
56.5%
1950sDenise
53.6%
1960sDenise
53.6%
1970sDenise
53.6%
1980sDenise
53.6%
1880sDora
52.3%
1890sDora
52.3%
1900sDora
52.3%
1910sDora
52.3%
1920sDora
52.3%
1890sDoris
50.8%
1900sDoris
50.8%
1910sDoris
50.8%
1920sDoris
50.8%
1930sDoris
50.8%
1940sDoris
50.8%
1990sDestiny
41.5%
2000sDestiny
41.5%
1880sDelia
39.6%
1970sDawn
35.2%
1980sDawn
35.2%
1880sDella
32.5%
1890sDella
32.5%
1900sDella
32.5%
1910sDolores
29.5%
1920sDolores
29.5%
1930sDolores
29.5%
2000sDaniela
26.5%
1990sDesiree
25.2%
1930sDelores
23.9%
1990sDominique
19.7%

You're not logged in!

Compare scores with friends on all Sporcle quizzes.
Join for Free
OR
Log In

You Might Also Like...

Show Comments

Extras

Top Quizzes Today


Score Distribution

Your Account Isn't Verified!

In order to create a playlist on Sporcle, you need to verify the email address you used during registration. Go to your Sporcle Settings to finish the process.

Report this User

Report this user for behavior that violates our Community Guidelines.

Details: